[Event "Quenza op 14th"]
[Site "Quenza"]
[Date "2025.07.06"]
[Round "9"]
[White "Guillemart, Serge"]
[Black "Skripchenko, Almira"]
[Result "0-1"]
[WhiteElo "2135"]
[BlackElo "2359"]
[PlyCount "102"]
[EventDate "2025.07.06"]
[EventType "swiss (blitz)"]
[EventRounds "9"]
[EventCountry "FRA"]
[SourceTitle "CB29_2025"]
[SourceDate "2025.07.16"]
[SourceVersion "1"]
[SourceVersionDate "2025.07.16"]
[SourceQuality "1"]

1. e4 d5 2. exd5 Qxd5 3. Nc3 Qd8 4. d4 Nf6 5. Be2 Bf5 6. Nf3 e6 7. 0-0 c6 8. h3 Nbd7 9. Be3 Bd6 10. Qd2 Qc7 11. a4 a5 12. Rfe1 0-0 13. Nh4 Bg6 14. Nxg6 hxg6 15. Rad1 Rad8 16. Bf3 Bb4 17. Qd3 Nb6 18. Bd2 Nbd7 19. Qc4 Bd6 20. Ne4 Nxe4 21. Bxe4 Nf6 22. Bd3 Bh2+ 23. Kh1 Bf4 24. c3 Rd5 25. Bf1 Rfd8 26. Bxf4 Qxf4 27. Qe2 Rf5 28. Kg1 Rfd5 29. Rd3 Qd6 30. Rf3 c5 31. dxc5 Qxc5 32. Qc2 Rd2 33. Qb3 b6 34. Bc4 R8d6 35. Bb5 Qg5 36. Rg3 Qc5 37. Rf3 R6d5 38. Bc4 Rf5 39. Rxf5 gxf5 40. Rf1 Ne4 41. Bxe6 fxe6 42. Qxe6+ Kh7 43. Qf7 Nf6 44. b4 axb4 45. cxb4 Qxb4 46. Qe6 Qc5 47. Qf7 Qd5 48. Qc7 Qd4 49. Qc8 Qf4 50. Qc1 Ne4 51. g3 Nxg3 0-1

[Event "Quenza op 14th"]
[Site "Quenza"]
[Date "2025.07.06"]
[Round "4"]
[White "Skripchenko, Almira"]
[Black "Cardenas Yebra, Antoni"]
[Result "1-0"]
[WhiteElo "2359"]
[BlackElo "1866"]
[PlyCount "83"]
[EventDate "2025.07.06"]
[EventType "swiss (blitz)"]
[EventRounds "9"]
[EventCountry "FRA"]
[SourceTitle "CB29_2025"]
[SourceDate "2025.07.16"]
[SourceVersion "1"]
[SourceVersionDate "2025.07.16"]
[SourceQuality "1"]

1. e4 c5 2. Nf3 Nc6 3. Bb5 d6 4. 0-0 g6 5. c3 Bg7 6. d4 cxd4 7. cxd4 Bd7 8. Nc3 Nf6 9. h3 a6 10. Bd3 0-0 11. e5 dxe5 12. dxe5 Ne8 13. Qe2 Nc7 14. Rd1 Qc8 15. Bg5 Ne6 16. Nd5 Qe8 17. Bd2 Ncd4 18. Nxd4 Nxd4 19. Qe3 Ne6 20. Bb4 Bc6 21. Nxe7+ Kh8 22. Nxc6 bxc6 23. Bxf8 Qxf8 24. Bc4 Re8 25. Re1 c5 26. Bxe6 Rxe6 27. Qc3 Qe7 28. f4 Qc7 29. Rad1 h5 30. Qd3 Qc6 31. Qd5 Qa4 32. Re4 Qc2 33. Rd2 Qc1+ 34. Kh2 Kh7 35. Rc4 Qf1 36. Re4 Bh6 37. Qc4 Qb1 38. Rf2 Qd1 39. f5 gxf5 40. Rxf5 Qd7 41. Qf1 Qe7 42. Rxf7+ 1-0

[Event "EU-Cup (Women) 28th"]
[Site "Vrnjacka Banja"]
[Date "2024.10.24"]
[Round "5.4"]
[White "Skripchenko, Almira"]
[Black "Muedder, Melanie"]
[Result "1-0"]
[WhiteElo "2365"]
[BlackElo "1931"]
[PlyCount "53"]
[EventDate "2024.10.20"]
[EventType "team-swiss"]
[EventRounds "7"]
[EventCountry "SRB"]
[SourceTitle "CB44_2024"]
[Source "Chessbase"]
[SourceDate "2024.10.30"]
[SourceVersion "1"]
[SourceVersionDate "2024.10.30"]
[SourceQuality "1"]
[WhiteTeam "Monte Carlo (W)"]
[BlackTeam "Solingen (W) II"]
[WhiteTeamCountry "MNC"]
[BlackTeamCountry "GER"]

1. e4 c5 2. Nc3 Nc6 3. f4 g6 4. b3 Bg7 5. Bb2 e6 6. Nf3 Nge7 7. e5 d5 8. d4 cxd4 9. Nxd4 Nxd4 10. Qxd4 Nf5 11. Qf2 h5 12. Bd3 f6 13. Bxf5 gxf5 14. exf6 Bxf6 15. 0-0-0 Bd7 16. Rhe1 Kf7 17. Ne2 a5 18. Bxf6 Qxf6 19. Nd4 Rac8 20. Kb1 a4 21. Qd2 Rhg8 22. Re3 Rg4 23. g3 a3 24. Qb4 b5 25. Qxa3 Rgg8 26. Qa7 Rgd8 27. Nxe6 1-0

[Event "FRA-chT Top 12 (Women) Final"]
[Site "Chartres"]
[Date "2024.06.29"]
[Round "1.5"]
[White "Skripchenko, Almira"]
[Black "Osmak, Iulija"]
[Result "1/2-1/2"]
[WhiteElo "2372"]
[BlackElo "2464"]
[PlyCount "83"]
[EventDate "2024.06.29"]
[EventType "team-k.o."]
[EventRounds "3"]
[EventCountry "FRA"]
[SourceTitle "CBM 221 Extra"]
[Source "ChessBase"]
[SourceDate "2024.09.30"]
[SourceVersion "1"]
[SourceVersionDate "2024.09.30"]
[SourceQuality "1"]
[WhiteTeam "Monaco (W)"]
[BlackTeam "Chartres (W)"]
[WhiteTeamCountry "MNC"]
[BlackTeamCountry "FRA"]

1. e4 c5 2. c3 d5 3. exd5 Qxd5 4. d4 Nf6 5. Nf3 e6 6. Be3 cxd4 7. cxd4 Bb4+ 8. Nc3 Bd7 9. Bd3 Bb5 10. 0-0 Bxc3 11. Bxb5+ Qxb5 12. bxc3 0-0 13. Ne5 Nc6 14. c4 Qa6 15. Nxc6 bxc6 16. Qc2 Rab8 17. Rab1 Rb6 18. Bf4 Rc8 19. c5 Rb5 20. a4 Rb7 21. Rxb7 Qxb7 22. Rb1 Qd7 23. Qc4 Rd8 24. h3 h6 25. Be5 Ne4 26. Qa6 Qd5 27. Qxa7 Qa2 28. Rf1 f6 29. Qc7 Qd5 30. Bd6 Ra8 31. a5 Qxd4 32. Qxc6 Rxa5 33. Qe8+ Kh7 34. Qxe6 Nxd6 35. cxd6 Qd3 36. Re1 Ra6 37. Qf7 Qxd6 38. g3 Qc6 39. h4 Ra8 40. h5 Qf3 41. Qg6+ Kh8 42. Re8+ 1/2-1/2

[Event "FRA-ch (Women)"]
[Site "Albi"]
[Date "2022.08.18"]
[Round "3.2"]
[White "Skripchenko, Almira"]
[Black "Navrotescu, Andreea Cristiana"]
[Result "1/2-1/2"]
[WhiteElo "2391"]
[BlackElo "2352"]
[PlyCount "54"]
[EventDate "2022.08.12"]
[EventType "k.o."]
[EventRounds "4"]
[EventCountry "FRA"]
[SourceTitle "CBM 209 Extra"]
[Source "ChessBase"]
[SourceDate "2022.09.30"]
[SourceVersion "1"]
[SourceVersionDate "2022.09.30"]
[SourceQuality "1"]

1. e4 c5 2. Nf3 b6 3. c4 Bb7 4. Nc3 Nc6 5. d4 cxd4 6. Nxd4 e6 7. Be3 Qb8 8. Be2 Nf6 9. Nc2 Bd6 10. Qd2 Ne7 11. 0-0-0 Be5 12. f3 0-0 13. Bd4 Bf4 14. Be3 Be5 15. Bd4 Bxd4 16. Qxd4 d5 17. cxd5 exd5 18. exd5 Nexd5 19. Nxd5 Bxd5 20. Kb1 Rd8 21. Qh4 Qc7 22. Ne3 Qe5 23. Nxd5 Rxd5 24. Rxd5 Nxd5 25. Bd3 g6 26. Qe4 Qxe4 27. Bxe4 Rd8 1/2-1/2

[Event "FRA-chT Top 12 (Women) GpB"]
[Site "Cesson Sevigne"]
[Date "2021.08.27"]
[Round "3.2"]
[White "Skripchenko, Almira"]
[Black "Javakhishvili, Lela"]
[Result "1/2-1/2"]
[WhiteElo "2411"]
[BlackElo "2470"]
[PlyCount "62"]
[EventDate "2021.08.26"]
[EventType "team-tourn"]
[EventRounds "3"]
[EventCountry "FRA"]
[SourceTitle "CBM 204 Extra"]
[Source "ChessBase"]
[SourceDate "2021.11.30"]
[SourceVersion "1"]
[SourceVersionDate "2021.11.30"]
[SourceQuality "1"]
[WhiteTeam "Monaco (W)"]
[BlackTeam "Bischwiller (W)"]
[WhiteTeamCountry "MNC"]
[BlackTeamCountry "FRA"]

1. e4 c5 2. Nf3 e6 3. c3 Nf6 4. e5 Nd5 5. d4 cxd4 6. cxd4 d6 7. Bc4 Nb6 8. Bd3 Nc6 9. Qe2 Nb4 10. Be4 d5 11. Bd3 Bd7 12. Nc3 Nxd3+ 13. Qxd3 Be7 14. 0-0 Rc8 15. b3 0-0 16. Bb2 a6 17. Rfc1 Rc7 18. Rc2 Qb8 19. Rac1 Rfc8 20. h4 h6 21. g3 Be8 22. Kg2 Na8 23. Ne1 b5 24. Nd1 Rxc2 25. Rxc2 Rxc2 26. Nxc2 a5 27. Bc1 Nc7 28. Bb2 b4 29. a4 bxa3 30. Bxa3 Bxa3 31. Nxa3 a4 1/2-1/2

[Event "FIDE World Cup (Women)"]
[Site "Krasnaya Polyana"]
[Date "2021.07.14"]
[Round "1.5"]
[White "Skripchenko, Almira"]
[Black "Wafa, Shahenda"]
[Result "1-0"]
[WhiteElo "2411"]
[BlackElo "2106"]
[PlyCount "83"]
[EventDate "2021.07.12"]
[EventType "k.o."]
[EventRounds "7"]
[EventCountry "RUS"]
[SourceTitle "CBM 203"]
[Source "ChessBase"]
[SourceDate "2021.08.31"]
[SourceVersion "1"]
[SourceVersionDate "2021.08.31"]
[SourceQuality "1"]

1. Nf3 f5 2. g3 Nf6 3. Bg2 g6 4. d3 Bg7 5. Nbd2 0-0 6. e4 d6 7. c3 e5 8. Qb3+ Kh8 9. Ng5 Qe7 10. exf5 Bxf5 11. Bxb7 Ng4 12. Nge4 Nd7 13. Bxa8 Rxa8 14. h3 Ngf6 15. Qa3 Qe6 16. g4 Bxe4 17. dxe4 Nc5 18. f3 Nd3+ 19. Ke2 Nf4+ 20. Kd1 d5 21. Kc2 Qc6 22. g5 Nd7 23. h4 Nc5 24. Nb3 Ncd3 25. Bxf4 Nxf4 26. Qc5 Qa6 27. Rad1 Qe2+ 28. Rd2 Qxf3 29. Re1 Rd8 30. Qxc7 Rf8 31. Nc5 d4 32. Kb3 Ng2 33. Ree2 Nf4 34. Rf2 Qh3 35. a3 a6 36. Qd6 a5 37. a4 Qc8 38. cxd4 Rd8 39. Qb6 Nh3 40. Rf7 exd4 41. Rxg7 Kxg7 42. Ne6+ 1-0

[Event "FIDE World Cup (Women)"]
[Site "Krasnaya Polyana"]
[Date "2021.07.14"]
[Round "1.3"]
[White "Wafa, Shahenda"]
[Black "Skripchenko, Almira"]
[Result "1-0"]
[WhiteElo "2106"]
[BlackElo "2411"]
[PlyCount "121"]
[EventDate "2021.07.12"]
[EventType "k.o."]
[EventRounds "7"]
[EventCountry "RUS"]
[SourceTitle "CBM 203"]
[Source "ChessBase"]
[SourceDate "2021.08.31"]
[SourceVersion "1"]
[SourceVersionDate "2021.08.31"]
[SourceQuality "1"]

1. e4 e5 2. Nf3 Nc6 3. Bb5 a6 4. Ba4 d6 5. c3 Bd7 6. d4 g6 7. Bg5 f6 8. Be3 Nh6 9. h3 Nf7 10. d5 Ne7 11. c4 Bg7 12. Nc3 0-0 13. Bxd7 Qxd7 14. g4 f5 15. gxf5 gxf5 16. Qc2 Kh8 17. 0-0-0 f4 18. Bd2 b5 19. cxb5 axb5 20. Kb1 b4 21. Ne2 c5 22. dxc6 Nxc6 23. Qb3 Rfb8 24. Nc1 Ra7 25. h4 Bf6 26. Rdg1 Bd8 27. Ng5 Nd4 28. Qd1 Qc6 29. f3 Qa6 30. Bxf4 Rc8 31. Nxf7+ Rxf7 32. Be3 Bb6 33. Bxd4 Bxd4 34. Qb3 Rcf8 35. Rf1 Rg7 36. Nd3 Rg2 37. h5 Rd2 38. Rd1 Rg2 39. h6 Qa7 40. Qe6 Rg6 41. Qc4 Rg2 42. Rc1 b3 43. a3 Ra8 44. Rh2 Rg3 45. Qe6 Rf8 46. Qxd6 Rgxf3 47. Nxe5 Rf1 48. Rh1 R1f2 49. Nd3 R2f6 50. Qd5 Be3 51. Rce1 Bxh6 52. e5 Rg6 53. e6 Qe7 54. Qxb3 Bg7 55. Nb4 Rg2 56. Rxh7+ Kg8 57. Rxg7+ Rxg7 58. Nc6 Qb7 59. Qd5 Rf2 60. e7+ Kh7 61. Qh5+ 1-0

[Event "FIDE World Cup (Women)"]
[Site "Krasnaya Polyana"]
[Date "2021.07.14"]
[Round "1.6"]
[White "Wafa, Shahenda"]
[Black "Skripchenko, Almira"]
[Result "0-1"]
[WhiteElo "2106"]
[BlackElo "2411"]
[PlyCount "82"]
[EventDate "2021.07.12"]
[EventType "k.o."]
[EventRounds "7"]
[EventCountry "RUS"]
[SourceTitle "CBM 203"]
[Source "ChessBase"]
[SourceDate "2021.08.31"]
[SourceVersion "1"]
[SourceVersionDate "2021.08.31"]
[SourceQuality "1"]

1. e4 d5 2. exd5 Qxd5 3. d4 c6 4. Nf3 Nf6 5. Be2 Bg4 6. c4 Qd8 7. 0-0 e6 8. Nc3 Be7 9. h3 Bh5 10. Be3 0-0 11. Ne5 Bxe2 12. Qxe2 Nbd7 13. f4 Bb4 14. Bf2 Qa5 15. Rac1 Rac8 16. a3 Bxc3 17. Rxc3 Qc7 18. g4 Ne8 19. g5 Nd6 20. d5 Nf5 21. Rd1 Nxe5 22. fxe5 cxd5 23. cxd5 Qe7 24. Qg4 Rxc3 25. d6 Qd7 26. bxc3 b6 27. Qb4 Rc8 28. c4 h5 29. c5 bxc5 30. Bxc5 Qc6 31. Bxa7 Qf3 32. Qd2 Qxh3 33. Qg2 Qxa3 34. Bf2 Qb3 35. Ra1 Kh7 36. Re1 Kg6 37. Qh2 Qf3 38. Qg2 Qb3 39. Qe4 Rc4 40. Qe2 Rg4+ 41. Kf1 Qh3# 0-1

[Event "FIDE World Cup (Women)"]
[Site "Krasnaya Polyana"]
[Date "2021.07.12"]
[Round "1.1"]
[White "Skripchenko, Almira"]
[Black "Wafa, Shahenda"]
[Result "1/2-1/2"]
[WhiteElo "2411"]
[BlackElo "2106"]
[PlyCount "154"]
[EventDate "2021.07.12"]
[EventType "k.o."]
[EventRounds "7"]
[EventCountry "RUS"]
[SourceTitle "CBM 203"]
[Source "ChessBase"]
[SourceDate "2021.08.31"]
[SourceVersion "1"]
[SourceVersionDate "2021.08.31"]
[SourceQuality "1"]

1. e4 c5 2. Nf3 Nc6 3. Bb5 g6 4. 0-0 Bg7 5. Nc3 e5 6. a3 Nge7 7. b4 cxb4 8. axb4 0-0 9. Bc4 d6 10. b5 Nd4 11. Nxd4 exd4 12. Nd5 Nxd5 13. Bxd5 Qb6 14. Ba3 Be6 15. Bxe6 fxe6 16. Qg4 Rf6 17. Qg3 e5 18. Qd3 Qc7 19. c3 dxc3 20. dxc3 a5 21. Rab1 Rc8 22. b6 Qc4 23. Rfd1 Bf8 24. f3 Qxd3 25. Rxd3 Rc6 26. Rd5 Rxc3 27. Rxa5 Rc6 28. Ra8 Kg7 29. Rb8 Rf7 30. Kf1 Kf6 31. Bc1 h6 32. Be3 Ke6 33. Rd1 g5 34. h3 Rc3 35. Kf2 Rc2+ 36. Kg1 Rc3 37. Bf2 Rc6 38. Ra1 d5 39. exd5+ Kxd5 40. Ra5+ Kc4 41. Rxe5 Bd6 42. Re4+ Kb5 43. Rbe8 Rc1+ 44. Re1 Rxe1+ 45. Rxe1 Re7 46. Rb1+ Kc6 47. Rc1+ Kb5 48. Kf1 Re5 49. g3 Rf5 50. Kg2 Rd5 51. Rc2 Be5 52. Rc7 Ka6 53. Rc5 Rxc5 54. Bxc5 h5 55. Be3 Bf6 56. Kf2 Kb5 57. Ke2 Kc4 58. g4 hxg4 59. hxg4 Kd5 60. Kd3 Bd8 61. Bd2 Bf6 62. f4 gxf4 63. Bxf4 Bd8 64. Bc7 Bg5 65. Bg3 Bd8 66. Bf2 Ke5 67. Bg3+ Kd5 68. Bc7 Bg5 69. Ke2 Ke4 70. Kf2 Be3+ 71. Kg2 Bg5 72. Kh3 Kf3 73. Be5 Bd8 74. Bd4 Bg5 75. Bg7 Bd8 76. Be5 Bg5 77. Bg3 Bd8 1/2-1/2

[Event "Chartres Match 02 2nd"]
[Site "Chartres"]
[Date "2021.05.17"]
[Round "1"]
[White "Daulyte Cornette, Deimante"]
[Black "Skripchenko, Almira"]
[Result "1/2-1/2"]
[WhiteElo "2387"]
[BlackElo "2418"]
[PlyCount "40"]
[EventDate "2021.05.17"]
[EventType "match"]
[EventRounds "4"]
[EventCountry "FRA"]
[SourceTitle "CBM 202 Extra"]
[Source "ChessBase"]
[SourceDate "2021.07.31"]
[SourceVersion "1"]
[SourceVersionDate "2021.07.31"]
[SourceQuality "1"]

1. e4 d5 2. exd5 Qxd5 3. Nc3 Qd8 4. d4 c6 5. Nf3 Bf5 6. Nh4 Bg6 7. g3 e6 8. Bg2 Be7 9. Nxg6 hxg6 10. Ne4 Nf6 11. Nxf6+ gxf6 12. h4 Nd7 13. Be3 f5 14. Qe2 Qa5+ 15. Bd2 Qa4 16. c4 Bb4 17. b3 Qa5 18. Bxb4 Qxb4+ 19. Qd2 Qxd2+ 20. Kxd2 e5 1/2-1/2

[Event "Salamanca Uni 10th"]
[Site "Salamanca"]
[Date "2021.02.06"]
[Round "6"]
[White "Skripchenko, Almira"]
[Black "Iturrizaga Bonelli, Eduardo"]
[Result "0-1"]
[WhiteElo "2418"]
[BlackElo "2607"]
[PlyCount "92"]
[EventDate "2021.02.03"]
[EventType "tourn (rapid)"]
[EventRounds "7"]
[EventCountry "ESP"]
[EventCategory "12"]
[SourceTitle "CBM 200 Extra"]
[Source "ChessBase"]
[SourceDate "2021.03.31"]
[SourceVersion "1"]
[SourceVersionDate "2021.03.31"]
[SourceQuality "1"]

1. e4 c5 2. Nc3 e6 3. f4 Nc6 4. Nf3 Nge7 5. d4 cxd4 6. Nxd4 a6 7. Be3 b5 8. Nxc6 Nxc6 9. a4 b4 10. Ne2 Bb7 11. Nd4 Qc7 12. Nb3 Na5 13. Nxa5 Qxa5 14. Bd3 Bc5 15. Qe2 Rc8 16. 0-0 Bxe3+ 17. Qxe3 Qc5 18. Qxc5 Rxc5 19. a5 Bc6 20. Kf2 Ke7 21. Ke3 Bb5 22. Rfd1 Rhc8 23. Rd2 f6 24. g4 h5 25. h3 Bxd3 26. cxd3 h4 27. Ra4 Rc1 28. Rxb4 R8c5 29. Rg2 Rxa5 30. f5 Rh1 31. g5 Rxh3+ 32. Ke2 exf5 33. gxf6+ gxf6 34. Rg7+ Ke6 35. Rb6+ d6 36. Rbb7 Ke5 37. exf5 Kxf5 38. Kd2 Rd5 39. Rb3 Rh2+ 40. Kd1 Ra5 41. Ra3 Rxa3 42. bxa3 Ra2 43. Rh7 Kg5 44. Rg7+ Kh6 45. Rg4 Kh5 46. Ra4 h3 0-1